| 000 | 00672nac a22001931u 4500 | ||
|---|---|---|---|
| 010 | _a2002043166 | ||
| 020 | _a0130933759 | ||
| 082 | 0 | 0 |
_a620.1 _bW1772 |
| 090 |
_c825 _d825 |
||
| 100 | _aWalker, Keith M., | ||
| 245 | 1 | 0 |
_aApplied mechanics for engineering technology / _cKeith M. Walker. |
| 250 | _a7th ed. | ||
| 260 |
_aUpper Saddle River, N.J. : _bPearson/Prentice Hall, _cc2004. |
||
| 300 |
_axiii, 538 p. : _bill. ; _c25 cm. |
||
| 500 | _aIncludes index. | ||
| 650 | _aMechanics, Applied. | ||
| 942 |
_cBB _k620.1W1772 |
||
| 999 |
_c825 _d825 |
||